<?xml version="1.0" encoding="UTF-8"?>
<collection xmlns="http://www.loc.gov/MARC21/slim">
<record>
  <controlfield tag="001">849854</controlfield>
  <controlfield tag="005">20251104144351.0</controlfield>
  <datafield tag="024" ind1="7" ind2=" ">
    <subfield code="2">ISSN</subfield>
    <subfield code="a">2212-8271</subfield>
  </datafield>
  <datafield tag="024" ind1="7" ind2=" ">
    <subfield code="2">SCOPUS</subfield>
    <subfield code="a">SCOPUS:2-s2.0-85136283974</subfield>
  </datafield>
  <datafield tag="024" ind1="7" ind2=" ">
    <subfield code="2">doi</subfield>
    <subfield code="a">10.1016/j.procir.2022.06.025</subfield>
  </datafield>
  <datafield tag="024" ind1="7" ind2=" ">
    <subfield code="2">datacite_doi</subfield>
    <subfield code="a">10.18154/RWTH-2022-07067</subfield>
  </datafield>
  <datafield tag="024" ind1="7" ind2=" ">
    <subfield code="2">WOS</subfield>
    <subfield code="a">WOS:000890180500024</subfield>
  </datafield>
  <datafield tag="037" ind1=" " ind2=" ">
    <subfield code="a">RWTH-2022-07067</subfield>
  </datafield>
  <datafield tag="041" ind1=" " ind2=" ">
    <subfield code="a">English</subfield>
  </datafield>
  <datafield tag="082" ind1=" " ind2=" ">
    <subfield code="a">600</subfield>
  </datafield>
  <datafield tag="100" ind1="1" ind2=" ">
    <subfield code="0">P:(DE-82)IDM03332</subfield>
    <subfield code="a">Bergs, Thomas</subfield>
    <subfield code="b">0</subfield>
    <subfield code="u">rwth</subfield>
  </datafield>
  <datafield tag="111" ind1="2" ind2=" ">
    <subfield code="a">5. CIRP Conference on BioManufacturing</subfield>
    <subfield code="c">Maierato</subfield>
    <subfield code="d">2022-06-22 - 2022-06-24</subfield>
    <subfield code="g">CirpBioM 2022</subfield>
    <subfield code="w">Italy</subfield>
  </datafield>
  <datafield tag="245" ind1=" " ind2=" ">
    <subfield code="a">Structure protects function - An enabler for the functionalization of component surfaces by biohybrid coatings</subfield>
    <subfield code="h">online</subfield>
  </datafield>
  <datafield tag="260" ind1=" " ind2=" ">
    <subfield code="a">Amsterdam [u.a.]</subfield>
    <subfield code="b">Elsevier</subfield>
    <subfield code="c">2022</subfield>
  </datafield>
  <datafield tag="336" ind1="7" ind2=" ">
    <subfield code="0">0</subfield>
    <subfield code="2">EndNote</subfield>
    <subfield code="a">Journal Article</subfield>
  </datafield>
  <datafield tag="336" ind1="7" ind2=" ">
    <subfield code="0">PUB:(DE-HGF)16</subfield>
    <subfield code="2">PUB:(DE-HGF)</subfield>
    <subfield code="a">Journal Article</subfield>
    <subfield code="b">journal</subfield>
    <subfield code="m">journal</subfield>
  </datafield>
  <datafield tag="336" ind1="7" ind2=" ">
    <subfield code="0">PUB:(DE-HGF)8</subfield>
    <subfield code="2">PUB:(DE-HGF)</subfield>
    <subfield code="a">Contribution to a conference proceedings</subfield>
  </datafield>
  <datafield tag="336" ind1="7" ind2=" ">
    <subfield code="2">BibTeX</subfield>
    <subfield code="a">ARTICLE</subfield>
  </datafield>
  <datafield tag="336" ind1="7" ind2=" ">
    <subfield code="2">DRIVER</subfield>
    <subfield code="a">article</subfield>
  </datafield>
  <datafield tag="336" ind1="7" ind2=" ">
    <subfield code="2">DataCite</subfield>
    <subfield code="a">Output Types/Journal article</subfield>
  </datafield>
  <datafield tag="336" ind1="7" ind2=" ">
    <subfield code="2">ORCID</subfield>
    <subfield code="a">JOURNAL_ARTICLE</subfield>
  </datafield>
  <datafield tag="536" ind1=" " ind2=" ">
    <subfield code="0">G:(GEPRIS)390621612</subfield>
    <subfield code="a">DFG project 390621612 - EXC 2023: Internet of Production (IoP) (390621612)</subfield>
    <subfield code="c">390621612</subfield>
    <subfield code="x">0</subfield>
  </datafield>
  <datafield tag="588" ind1=" " ind2=" ">
    <subfield code="a">Dataset connected to CrossRef, Journals: publications.rwth-aachen.de</subfield>
  </datafield>
  <datafield tag="591" ind1=" " ind2=" ">
    <subfield code="a">Germany</subfield>
  </datafield>
  <datafield tag="653" ind1=" " ind2="7">
    <subfield code="a">TECPTF100</subfield>
  </datafield>
  <datafield tag="700" ind1="1" ind2=" ">
    <subfield code="0">P:(DE-82)IDM00615</subfield>
    <subfield code="a">Schwaneberg, Ulrich</subfield>
    <subfield code="b">1</subfield>
    <subfield code="u">rwth</subfield>
  </datafield>
  <datafield tag="700" ind1="1" ind2=" ">
    <subfield code="0">P:(DE-82)IDM03132</subfield>
    <subfield code="a">Apelt, Sebastian</subfield>
    <subfield code="b">2</subfield>
    <subfield code="e">Corresponding author</subfield>
    <subfield code="u">rwth</subfield>
  </datafield>
  <datafield tag="700" ind1="1" ind2=" ">
    <subfield code="a">Jakob, Felix</subfield>
    <subfield code="b">3</subfield>
  </datafield>
  <datafield tag="700" ind1="1" ind2=" ">
    <subfield code="a">Rodriguez-Emmenegger, Cesar</subfield>
    <subfield code="b">4</subfield>
  </datafield>
  <datafield tag="700" ind1="1" ind2=" ">
    <subfield code="0">P:(DE-82)IDM05113</subfield>
    <subfield code="a">Beckers, Alexander</subfield>
    <subfield code="b">5</subfield>
    <subfield code="u">rwth</subfield>
  </datafield>
  <datafield tag="700" ind1="1" ind2=" ">
    <subfield code="a">Yayci, Abdulkadir</subfield>
    <subfield code="b">6</subfield>
  </datafield>
  <datafield tag="700" ind1="1" ind2=" ">
    <subfield code="0">P:(DE-82)IDM04270</subfield>
    <subfield code="a">Nöth, Maximilian Wolfgang Stefan</subfield>
    <subfield code="b">7</subfield>
    <subfield code="u">rwth</subfield>
  </datafield>
  <datafield tag="700" ind1="1" ind2=" ">
    <subfield code="a">Garay-Sarmiento, Manuela</subfield>
    <subfield code="b">8</subfield>
  </datafield>
  <datafield tag="700" ind1="1" ind2=" ">
    <subfield code="0">P:(DE-82)IDM01047</subfield>
    <subfield code="a">Barth, Sebastian</subfield>
    <subfield code="b">9</subfield>
    <subfield code="u">rwth</subfield>
  </datafield>
  <datafield tag="770" ind1=" " ind2=" ">
    <subfield code="a">V CIRP Conference on BioManufacturing / edited by Elisabetta Ceretti, Luigino Filice</subfield>
  </datafield>
  <datafield tag="773" ind1=" " ind2=" ">
    <subfield code="0">PERI:(DE-600)2674706-6</subfield>
    <subfield code="a">10.1016/j.procir.2022.06.025</subfield>
    <subfield code="p">133-138</subfield>
    <subfield code="t">Procedia CIRP</subfield>
    <subfield code="v">110</subfield>
    <subfield code="x">2212-8271</subfield>
    <subfield code="y">2022</subfield>
  </datafield>
  <datafield tag="856" ind1="4" ind2=" ">
    <subfield code="u">http://publications.rwth-aachen.de/record/849854/files/849854.pdf</subfield>
    <subfield code="y">OpenAccess</subfield>
  </datafield>
  <datafield tag="909" ind1="C" ind2="O">
    <subfield code="o">oai:publications.rwth-aachen.de:849854</subfield>
    <subfield code="p">dnbdelivery</subfield>
    <subfield code="p">driver</subfield>
    <subfield code="p">VDB</subfield>
    <subfield code="p">open_access</subfield>
    <subfield code="p">openaire</subfield>
  </datafield>
  <datafield tag="910" ind1="1" ind2=" ">
    <subfield code="0">I:(DE-588b)36225-6</subfield>
    <subfield code="6">P:(DE-82)IDM03332</subfield>
    <subfield code="a">RWTH Aachen</subfield>
    <subfield code="b">0</subfield>
    <subfield code="k">RWTH</subfield>
  </datafield>
  <datafield tag="910" ind1="1" ind2=" ">
    <subfield code="0">I:(DE-588b)36225-6</subfield>
    <subfield code="6">P:(DE-82)IDM00615</subfield>
    <subfield code="a">RWTH Aachen</subfield>
    <subfield code="b">1</subfield>
    <subfield code="k">RWTH</subfield>
  </datafield>
  <datafield tag="910" ind1="1" ind2=" ">
    <subfield code="0">I:(DE-588b)36225-6</subfield>
    <subfield code="6">P:(DE-82)IDM03132</subfield>
    <subfield code="a">RWTH Aachen</subfield>
    <subfield code="b">2</subfield>
    <subfield code="k">RWTH</subfield>
  </datafield>
  <datafield tag="910" ind1="1" ind2=" ">
    <subfield code="0">I:(DE-588b)36225-6</subfield>
    <subfield code="6">P:(DE-82)IDM05113</subfield>
    <subfield code="a">RWTH Aachen</subfield>
    <subfield code="b">5</subfield>
    <subfield code="k">RWTH</subfield>
  </datafield>
  <datafield tag="910" ind1="1" ind2=" ">
    <subfield code="0">I:(DE-588b)36225-6</subfield>
    <subfield code="6">P:(DE-82)IDM04270</subfield>
    <subfield code="a">RWTH Aachen</subfield>
    <subfield code="b">7</subfield>
    <subfield code="k">RWTH</subfield>
  </datafield>
  <datafield tag="910" ind1="1" ind2=" ">
    <subfield code="0">I:(DE-588b)36225-6</subfield>
    <subfield code="6">P:(DE-82)IDM01047</subfield>
    <subfield code="a">RWTH Aachen</subfield>
    <subfield code="b">9</subfield>
    <subfield code="k">RWTH</subfield>
  </datafield>
  <datafield tag="914" ind1="1" ind2=" ">
    <subfield code="y">2022</subfield>
  </datafield>
  <datafield tag="915" ind1="1" ind2=" ">
    <subfield code="0">StatID:(DE-HGF)0031</subfield>
    <subfield code="2">StatID</subfield>
    <subfield code="a">Peer reviewed article</subfield>
    <subfield code="x">0</subfield>
  </datafield>
  <datafield tag="915" ind1=" " ind2=" ">
    <subfield code="0">StatID:(DE-HGF)0200</subfield>
    <subfield code="2">StatID</subfield>
    <subfield code="a">DBCoverage</subfield>
    <subfield code="b">SCOPUS</subfield>
    <subfield code="d">2020-08-27</subfield>
  </datafield>
  <datafield tag="915" ind1=" " ind2=" ">
    <subfield code="0">StatID:(DE-HGF)0300</subfield>
    <subfield code="2">StatID</subfield>
    <subfield code="a">DBCoverage</subfield>
    <subfield code="b">Medline</subfield>
    <subfield code="d">2020-08-27</subfield>
  </datafield>
  <datafield tag="915" ind1=" " ind2=" ">
    <subfield code="0">StatID:(DE-HGF)0510</subfield>
    <subfield code="2">StatID</subfield>
    <subfield code="a">OpenAccess</subfield>
  </datafield>
  <datafield tag="915" ind1=" " ind2=" ">
    <subfield code="0">LIC:(DE-HGF)CCBYNCND4</subfield>
    <subfield code="2">HGFVOC</subfield>
    <subfield code="a">Creative Commons Attribution-NonCommercial-NoDerivs CC BY-NC-ND 4.0</subfield>
  </datafield>
  <datafield tag="920" ind1="1" ind2=" ">
    <subfield code="0">I:(DE-82)417410_20140620</subfield>
    <subfield code="k">417410</subfield>
    <subfield code="l">Lehrstuhl für Technologie der Fertigungsverfahren</subfield>
    <subfield code="x">0</subfield>
  </datafield>
  <datafield tag="920" ind1="1" ind2=" ">
    <subfield code="0">I:(DE-82)080067_20181221</subfield>
    <subfield code="k">080067</subfield>
    <subfield code="l">Internet of Production</subfield>
    <subfield code="x">1</subfield>
  </datafield>
  <datafield tag="920" ind1="1" ind2=" ">
    <subfield code="0">I:(DE-82)417200_20140620</subfield>
    <subfield code="k">417200</subfield>
    <subfield code="l">Werkzeugmaschinenlabor WZL der RWTH Aachen</subfield>
    <subfield code="x">2</subfield>
  </datafield>
  <datafield tag="920" ind1="1" ind2=" ">
    <subfield code="0">I:(DE-82)053200_20140620</subfield>
    <subfield code="k">053200</subfield>
    <subfield code="l">Fraunhofer-Institut für Produktionstechnologie - IPT</subfield>
    <subfield code="x">3</subfield>
  </datafield>
  <datafield tag="920" ind1="1" ind2=" ">
    <subfield code="0">I:(DE-82)052200_20140620</subfield>
    <subfield code="k">052200</subfield>
    <subfield code="l">DWI - Leibniz-Institut für Interaktive Materialien e.V.</subfield>
    <subfield code="x">4</subfield>
  </datafield>
  <datafield tag="920" ind1="1" ind2=" ">
    <subfield code="0">I:(DE-82)162610_20140620</subfield>
    <subfield code="k">162610</subfield>
    <subfield code="l">Lehrstuhl für Biotechnologie</subfield>
    <subfield code="x">5</subfield>
  </datafield>
  <datafield tag="920" ind1="1" ind2=" ">
    <subfield code="0">I:(DE-82)160000_20140620</subfield>
    <subfield code="k">160000</subfield>
    <subfield code="l">Fachgruppe Biologie</subfield>
    <subfield code="x">6</subfield>
  </datafield>
  <datafield tag="980" ind1="1" ind2=" ">
    <subfield code="a">FullTexts</subfield>
  </datafield>
  <datafield tag="980" ind1=" " ind2=" ">
    <subfield code="a">I:(DE-82)052200_20140620</subfield>
  </datafield>
  <datafield tag="980" ind1=" " ind2=" ">
    <subfield code="a">I:(DE-82)053200_20140620</subfield>
  </datafield>
  <datafield tag="980" ind1=" " ind2=" ">
    <subfield code="a">I:(DE-82)080067_20181221</subfield>
  </datafield>
  <datafield tag="980" ind1=" " ind2=" ">
    <subfield code="a">I:(DE-82)160000_20140620</subfield>
  </datafield>
  <datafield tag="980" ind1=" " ind2=" ">
    <subfield code="a">I:(DE-82)162610_20140620</subfield>
  </datafield>
  <datafield tag="980" ind1=" " ind2=" ">
    <subfield code="a">I:(DE-82)417200_20140620</subfield>
  </datafield>
  <datafield tag="980" ind1=" " ind2=" ">
    <subfield code="a">I:(DE-82)417410_20140620</subfield>
  </datafield>
  <datafield tag="980" ind1=" " ind2=" ">
    <subfield code="a">UNRESTRICTED</subfield>
  </datafield>
  <datafield tag="980" ind1=" " ind2=" ">
    <subfield code="a">VDB</subfield>
  </datafield>
  <datafield tag="980" ind1=" " ind2=" ">
    <subfield code="a">contrib</subfield>
  </datafield>
  <datafield tag="980" ind1=" " ind2=" ">
    <subfield code="a">journal</subfield>
  </datafield>
</record>
</collection>